| 000 | 01122nam a2200277Ia 4500 | ||
|---|---|---|---|
| 003 | OSt | ||
| 005 | 20221005104010.0 | ||
| 006 | a|||||r|||| 00| 0 | ||
| 007 | ta | ||
| 008 | 221004b |||||||| |||| 00| 0 hin d | ||
| 020 |
_a8179170829 (hbk) _c450 |
||
| 024 | _a3904 | ||
| 037 |
_bBR6652, 24/01/2013, Rajkamal Prakashan Pvt. Ltd. _cTextual |
||
| 040 |
_aCRL _cCRL _bhin |
||
| 041 |
_2hin _ahin |
||
| 082 | _aY73(P15):10gQ7, 152P6 | ||
| 100 | _aताराचंद | ||
| 245 | 0 | _aभारतीय संस्कृति पर इस्लाम का प्रभाव | |
| 246 | _aBhāratīya sanskṛuti par islām kā prabhāva | ||
| 260 |
_aदिल्ली _bग्रंथ शिल्पी भारत _c2006 |
||
| 300 |
_a254पृ0 _ccm. |
||
| 650 | _aभारतीय-लोक साहित्य | ||
| 700 | _a मिश्र, सुरेश, अनु. | ||
| 942 |
_hY73(P15):10gQ7, 152P6 _cTEXL _2cc |
||
| 999 |
_c1011456 _d1011456 |
||